II. Din şurası (Record no. 4354)

MARC details
000 -BAŞLIK
Sabit Uzunlukta Kontrol Alanı 00808na a2200265 4500
001 - KONTROL NUMARASI
Denetim Alanı 12993
003 - KONTROL NUMARASI IDENTIFIER
Denetim Alanı MIRAKIL
005 - SON İŞLEM TARİHİ VE ZAMANI
Denetim Alanı 20181213155003.0
008 - SABİT-BOY VERİ ELEMANLARI - GENEL BİLGİLER
Sabit Uzunlukta Kontrol Alanı 160831b tu 000 0
020 ## - ULUSLARARASI STANDART KİTAP NUMARASI
Uluslararası Standart Kitap Numarası 9751933277
035 ## - SİSTEM KONTROL NUMARASI
Sistem Kontrol Numarası 12993
040 ## - KATALOGLAMA KAYNAK
Orijinal Kataloglama Ajansı Milas
Kataloglama Dili tur
Metne Dönüştürmek Ajansı TR-AnCHP
082 ## - DEWEY ONLU SINIFLANDIRMA NUMARASI
Sınıflandırma Numarası 297.06
Ürün Numarası D55i 1998
090 ## - SINIFLAMA NUMARASI
Sınıflama Numarası 297.06 D55i 1998
111 ## - ANA GİRİŞ - TOPLANTI ADI
Giriş Elemanı Olarak Toplantı Adı Veya Yargı Alanı Adı Din Şurası
Toplantı Veya Antlaşma İmzalandığı Tarihi 23-27 Kasım 1998
Bölüm / Bölüm / Toplantı Sayısı II.
245 ## - BAŞLIK TABLOSU
Başlık II. Din şurası
Başlığın Kalan tebliğ ve müzakereleri, 23-27 Kasım 1998
260 ## - YAYIN, DAĞITIM, VB
Yayın, Dağıtım, Vb Yeri Ankara
Yayıncı, Dağıtıcı, Vs Adı Diyanet İşleri Başkanlığı
Yayın, Dağıtım, Vb Tarihi 2003
300 ## - FİZİKSEL TANIM
Kapsam 799 s.
Boyutlar 24 sm.
490 ## - SERİSİ TABLOSU
Seri Beyanı Diyanet İşleri Başkanlığı yayınları
Hacim / Ardışık Tanımı 584
490 ## - SERİSİ TABLOSU
Seri Beyanı İlmi eserler
Hacim / Ardışık Tanımı 93
650 ## - KONU KATMA GİRİŞ - TOPİKAL DÖNEM
Topikal Süreli Veya Coğrafi Ad Giriş Elemanı İslam dini
Genel Alt Bölümü Örgütlenme
650 ## - KONU KATMA GİRİŞ - TOPİKAL DÖNEM
Topikal Süreli Veya Coğrafi Ad Giriş Elemanı İslam dini
Genel Alt Bölümü Dinsel önderler
650 ## - KONU KATMA GİRİŞ - TOPİKAL DÖNEM
Topikal Süreli Veya Coğrafi Ad Giriş Elemanı İslam dini
Kronolojik Alt Bölümü Toplantılar
942 ## - EKLENDİ GİRİŞ ELEMANLARI (KOHA)
Sınıflandırma Veya Raf Düzeni Kaynak Dewey Decimal Classification
Koha Öğesi Türü Books
999 ## - SİSTEM KONTROL NUMARALARI (KOHA)
Koha Biblionumber 4354
Koha Biblioitemnumber 4354
Holdings
Kalıcı Konum Mevcut Konum Edinme Tarihi Edinim Kaynak Toplam Check-Out'Lar Tam Çağrı Numarası Barkod Tarih Son Görülme İtibaren Geçerli Fiyatlar Koha Öğesi Türü
CHP Kütüphanesi CHP Kütüphanesi 08/04/2016 Bağış   297.06 D55i 1998 000383 08/04/2016 08/04/2016 Books